Statistics for Countries of the World in Alphabetical Order with a Map

Click here to take the quiz!

General Stats

  • This quiz has been taken 2,523 times
  • The average score is 156 of 196

Answers on the Map

Answers color-coded by a green-red scale on the quiz's map according to % correct below.
Loading ...
 

Answer Stats

Country% Correct
Afghanistan
98%
Albania
97%
Algeria
95%
Andorra
94%
Argentina
94%
Australia
94%
Angola
93%
Antigua and Barbuda
93%
Armenia
92%
Austria
92%
Azerbaijan
92%
Bahamas
91%
Barbados
89%
Belgium
89%
Bolivia
88%
Belize
88%
Belarus
88%
Bahrain
88%
Bangladesh
87%
Canada
87%
Brazil
87%
Bosnia and
Herzegovina
86%
Botswana
86%
Benin
86%
Bulgaria
86%
Democratic Republic
of the {Congo}
86%
Cambodia
86%
Colombia
86%
Chile
86%
Dominican Republic
85%
Denmark
85%
China
85%
Dominica
85%
Bhutan
85%
Brunei
85%
Cameroon
85%
Burundi
85%
Ecuador
84%
Djibouti
84%
Burkina Faso
84%
Czech Republic
84%
Fiji
84%
Cuba
84%
Finland
84%
France
84%
Honduras
83%
Federated States of
{Micronesia}
83%
Haiti
83%
Estonia
83%
El Salvador
83%
Chad
83%
Croatia
83%
Jamaica
83%
Costa Rica
83%
Comoros
83%
Guyana
83%
Guatemala
82%
Ireland
82%
Indonesia
82%
Italy
82%
India
82%
Iceland
82%
Japan
82%
Hungary
82%
Kiribati
82%
Latvia
82%
Egypt
82%
Germany
82%
Gabon
82%
Ethiopia
82%
Eritrea
82%
Greece
81%
Kosovo
81%
Cape Verde
81%
Kenya
81%
Kazakhstan
81%
Jordan
81%
Cyprus
81%
Iraq
81%
Grenada
81%
Iran
81%
Lithuania
81%
Central African Republic
81%
Guinea-Bissau
81%
Guinea
81%
Ghana
81%
Gambia
81%
Luxembourg
80%
Oman
80%
Lesotho
80%
Laos
80%
Liechtenstein
80%
Libya
80%
Kyrgyzstan
80%
East Timor
80%
Eswatini
80%
Georgia
79%
Madagascar
79%
Equatorial Guinea
79%
Israel
79%
Liberia
79%
Qatar
79%
Mexico
78%
Peru
78%
Paraguay
78%
Panama
78%
Palau
78%
Kuwait
78%
Norway
78%
Nauru
78%
Rwanda
78%
Malta
78%
Mauritania
78%
Lebanon
78%
Mali
78%
Marshall Islands
77%
Malaysia
77%
Nicaragua
77%
New Zealand
77%
Malawi
77%
Mauritius
77%
Pakistan
77%
Namibia
77%
Ivory Coast
77%
Poland
77%
Portugal
76%
Republic of the {Congo}
76%
Papua New Guinea
76%
Maldives
76%
Romania
76%
Russia
76%
Moldova
76%
North Korea
76%
Nigeria
76%
Niger
76%
Netherlands
76%
Nepal
76%
Myanmar
76%
Montenegro
76%
Mongolia
76%
Monaco
76%
Saint Vincent and the
Grenadines
75%
Uruguay
75%
Yemen
75%
Zambia
75%
Venezuela
75%
Zimbabwe
75%
Saint Lucia
75%
Morocco
75%
Mozambique
75%
North Macedonia
75%
Saint Kitts and Nevis
75%
Philippines
75%
Uganda
74%
Samoa
74%
Vatican City
74%
Vanuatu
74%
United States
74%
United Kingdom
74%
Tuvalu
73%
Uzbekistan
73%
Ukraine
73%
Sweden
73%
Vietnam
73%
Switzerland
73%
Tonga
72%
Serbia
72%
Suriname
72%
South Sudan
72%
San Marino
72%
Slovakia
72%
Slovenia
72%
Solomon Islands
72%
South Korea
72%
Spain
72%
Tanzania
71%
Trinidad and Tobago
71%
São Tomé and Príncipe
71%
Turkey
71%
Turkmenistan
71%
Sudan
71%
South Africa
71%
Somalia
71%
United Arab Emirates
71%
Togo
71%
Senegal
71%
Thailand
70%
Seychelles
70%
Saudi Arabia
70%
Tajikistan
70%
Syria
70%
Taiwan
70%
Singapore
69%
Tunisia
69%
Sri Lanka
69%
Sierra Leone
68%

Score Distribution

Percentile by Number Answered

Percent of People with Each Score

Your Score History

You have not taken this quiz